LEADER 01968cam0-2200541---450- 001 990000062880203316 005 20100831102501.0 010 $a88-13-21988-1 035 $a0006288 035 $aUSA010006288 035 $a(ALEPH)000006288USA01 035 $a0006288 100 $a20000914d1999----|||t0itay0103----ba 101 0 $aita 102 $aIT 105 $a||||||||001yy 200 $a<> condotta temeraria e consapevole neldiritto uniforme dei trasporti$eipotesi di illecito tra dolo e colpa$fAlessandro Zampone 210 $aPadova$cCEDAM$d1999. 215 $aIX, 186 p.$d24 cm 225 $aCollana di diritto dei trasporti$v11. 300 $aIn testa al front.: Universitáa deglistudi di Roma, Facoltà di giurisprudenza,Istituto di diritto della navigazione 410 0$a12001$1001CFI0026460$12001$aCollana di dirittodei trasporti$v11. 610 $aIncidenti$aResponsabilitáa 610 $aTrasporti$aConvenzioni internazionali 676 $a341.756$v21$9DIRITTO INTERNAZIONALEDELL'ECONOMIA 700 1$aZAMPONE,$bAlessandro$0241180 801 $aIT$bSALBC$gISBD 912 $a990000062880203316 951 $aXXIV.3. Coll. 34/ 9 (X 20 XXIV / 11)$b22970 G.$cXXIV.3. Coll. 34/ 9 (X 20 XXIV)$d00001228 959 $aBK 979 $c20000914$lUSA01$h1728 979 $c20000919$lUSA01$h1047 979 $c20000919$lUSA01$h1520 979 $c20001019$lUSA01$h1055 979 $c20001019$lUSA01$h1453 979 $c20001019$lUSA01$h1500 979 $c20001019$lUSA01$h1538 979 $c20001024$lUSA01$h1513 979 $c20001027$lUSA01$h1518 979 $c20001027$lUSA01$h1522 979 $c20001110$lUSA01$h1709 979 $c20001124$lUSA01$h1207 979 $c20020403$lUSA01$h1613 979 $aPATRY$b90$c20040406$lUSA01$h1605 979 $aRSIAV2$b90$c20100831$lUSA01$h1025 996 $aCondotta temeraria e consapevole neldiritto uniforme dei trasporti$91490626 997 $aUNISA bas $agiu LEADER 01154nam0 22002891i 450 001 UON00380660 005 20231205104526.290 100 $a20100427d1967 |0itac50 ba 101 $aeng 102 $aUS 105 $a|||| 1|||| 200 1 $aBlast$ereview of the great English vortex. 1-2.: 1914-1915 $fedited by Wyndham Lewis 205 $aNew York : Kraus reprint$b1967 210 $a1 v.$cill. ; 28 cm 215 $aRist. dell'ed.: London$cLane$dNew York$dToronto 606 $aArte$xGran Bretagna$xSec. 20.$3UONC075489$2FI 606 $aLetteratura inglese$xSec. 20.$3UONC076988$2FI 620 $aUS$dNew York$3UONL000050 676 $a820.91$cLetteratura inglese e in antico inglese. Sec. 20.$v21 700 1$aLEWIS$bWyndham$3UONV193021$0163675 712 $aKraus Reprint$3UONV246412$4650 801 $aIT$bSOL$c20250704$gRICA 899 $aSIBA - SISTEMA BIBLIOTECARIO DI ATENEO$2UONSI 912 $aUON00380660 950 $aSIBA - SISTEMA BIBLIOTECARIO DI ATENEO$dSI Angl VI C 1080 $eSI SI 3593 5 1080 $sBuono 996 $aBlast$91357149 997 $aUNIOR